000 00348nam a22001457a 4500
020 _qPB.
040 _cFIZZA ISHAQ
082 _a005.2762
_bDAV
100 _aFLANAGAN, DAVID.
_989155
245 _aJAVASCRIPT DEFINITIVE GUIDE /
_cDAVID FLANAGAN.
250 _a7th ED.
260 _bO'REILLY,
_c2020.
300 _a687 P. ;
942 _2ddc
_cBK
999 _c587975
_d587975